01014cam a2200289 a 450000100090000000300040000900500170001300800410003001000170007102000250008802000220011303500230013503500200015804000440017805000230022208200180024524500540026326000460031730000380036344000290040150400410043065000300047165000300050170000200053185600820055185600910063314706012OSt20160809120116.0070122s2007 cauab b 000 0 eng  a 2007002178 a9781412950176 (pbk.) a1412950171 (pbk.) a(OCoLC)ocm79861224 a(OCoLC)79861224 aDLCcDLCdBAKERdBTCTAdC#PdYDXCPdDLC00aHD57.7b.C372 200700a658.4/09222200aCases in leadership /c[edited by] W. Glenn Rowe. aLos Angeles :bSAGE Publications,cc2007. ax, 421 p. :bill., maps ;c24 cm. 4aThe Ivey casebook series aIncludes bibliographical references. 0aLeadershipvCase studies. 0aManagementvCase studies.1 aRowe, W. Glenn.413Table of contents onlyuhttp://www.loc.gov/catdir/toc/ecip078/2007002178.html423Publisher descriptionuhttp://www.loc.gov/catdir/enhancements/fy0738/2007002178-d.html